Vainqueur de la coupe de France Handball Féminin - Statistiques

Statistiques générales
  • Ce quiz a été pris 16 fois
  • Le résultat moyen est 23 sur 41
Statistiques - réponses
Année Réponse % Correct
2020 Edition annulée
100%
1990 Metz Handball
86%
1994 Metz Handball
86%
1998 Metz Handball
86%
1999 Metz Handball
86%
2010 Metz Handball
86%
2013 Metz Handball
86%
2015 Metz Handball
86%
2017 Metz Handball
86%
2019 Metz Handball
86%
2022 Metz Handball
86%
2023 Metz Handball
86%
2024 Metz Handball
86%
2025 Metz Handball
86%
2016 BBH
79%
2018 BBH
79%
2021 BBH
79%
1979 Paris UC
64%
1980 Paris UC
64%
1981 Paris UC
64%
1984 ASPTT Strasbourg
57%
1978 ASU Lyon
57%
1982 Bordeaux EC
57%
2001 ES Besançon
43%
2002 ES Besançon
43%
2003 ES Besançon
43%
2005 ES Besançon
43%
2006 HAC Handball
43%
2007 HAC Handball
43%
2004 Toulouse Handball
43%
2011 Toulon MVH
29%
2012 Toulon MVH
29%
1983 US Dunkerque
29%
1977 Us Ivry
14%
2014 CJF Fleury LH
7%
1986 Stade Français
7%
1987 Stade Français
7%
1985 USM Gagny
7%
1992 USM Gagny
7%
1993 USM Gagny
7%
2009 US Mios-Biganos
7%
Aucun quiz correspondant
Distribution des résultats
% des personnes avec chaque résultat
Percentile par nombre de réponses
Votre historique - résultats
Vous n’avez pas pris ce quiz